Statistics for US States by Population-1980

Click here to take the quiz!

General Stats

  • This quiz has been taken 176 times
    (170 since last reset)
  • The average score is 30 of 50

Answer Stats

PopulationState% Correct
23,667,902California
100%
17,558,072New York
100%
14,229,191Texas
100%
9,746,324Florida
93%
11,863,895Pennsylvania
93%
11,426,518Illinois
88%
9,262,078Michigan
88%
10,787,630Ohio
88%
7,364,823New Jersey
80%
401,851Alaska
78%
5,881,766North Carolina
78%
469,557Wyoming
73%
5,463,105Georgia
70%
5,737,037Massachusetts
65%
511,456Vermont
65%
5,490,224Indiana
63%
5,346,818Virginia
60%
786,690Montana
58%
652,717North Dakota
58%
3,893,888Alabama
55%
4,216,975Maryland
55%
4,916,686Missouri
55%
690,768South Dakota
55%
4,591,120Tennessee
55%
4,705,767Wisconsin
55%
2,718,215Arizona
53%
964,691Hawaii
53%
943,935Idaho
53%
2,913,808Iowa
53%
3,660,777Kentucky
53%
4,075,970Minnesota
53%
3,107,576Connecticut
50%
594,338Delaware
50%
2,520,638Mississippi
50%
920,610New Hampshire
50%
1,303,302New Mexico
50%
947,154Rhode Island
50%
4,132,156Washington
50%
4,205,900Louisiana
48%
2,633,156Oregon
48%
3,121,820South Carolina
48%
2,286,435Arkansas
45%
2,889,964Colorado
45%
2,363,679Kansas
45%
1,124,660Maine
45%
1,569,825Nebraska
45%
800,493Nevada
45%
3,025,290Oklahoma
45%
1,949,644West Virginia
45%
1,461,037Utah
43%

Score Distribution

Percentile by Number Answered

Percent of People with Each Score

Your Score History

You have not taken this quiz since the last reset